Miloš Alexander Bazovský : katalog výstavy obrazů, kreseb a grafiky /

Uložené v:
Podrobná bibliografia
Ďalší autori: Baleka, Jan, 1929- (Compiler)
Médium: Kniha
Jazyk:Czech
Vydané: Hradec Králové : Bratislava : Oblastní galerie Slovenská národná galéria, 1962.
Vydanie:1. vyd.
ISBN: (brož.)
Fyzický popis: Nestr. : 8 voľných príloh (reprodukcie).
Tagy: Pridať tag
Žiadne tagy, Buďte prvý kto otaguje tento záznam!

MARC

LEADER 00000nam a2200000 a 4500
001 000225607
005 20100709161853.0
008 040101s1962 xr e cze d
020 |a (brož.) 
040 |a SVKKK  |b slo  |c SVKKK  |e AACR2 
041 0 |a cze 
044 |a xr  |c CZ 
245 1 0 |a Miloš Alexander Bazovský :  |b katalog výstavy obrazů, kreseb a grafiky /  |c zost. Jan Baleka. 
250 |a 1. vyd. 
260 |a Hradec Králové :  |b Oblastní galerie  |a Bratislava :  |b Slovenská národná galéria,  |c 1962. 
300 |a Nestr. :  |b 8 voľných príloh (reprodukcie). 
700 1 |a Baleka, Jan,  |d 1929-  |4 com 
910 |a svkkk 
998 |a BK 
090 |g SCKHL  |k Sklad Pribinova 2. posch.  |a II.153824  |j 382743  |i 2720171520  |s Prezenčne